| 000 | 00437nam a2200145 a 4500 | ||
|---|---|---|---|
| 001 | 000037083 | ||
| 005 | 20200930080129.0 | ||
| 008 | 120210s1923 nyu 000 0 spa d | ||
| 040 |
_aDO-SdBNP _bspa _cBNPHU |
||
| 082 |
_axxx _bB985m |
||
| 100 | 1 |
_aButler, Ralph Starr _963497 |
|
| 245 | 1 | 0 |
_aMarketing and merchandising / _cRalph Starr Butler. |
| 260 |
_aNew York : _bAlexander Hamilton Institute, _c1923. |
||
| 300 |
_axxii, 363 p. ; _c20 cm. |
||
| 999 |
_c36573 _d36573 |
||